|
|
|
|
| LEADER |
00000cam a2200000 7i4500 |
| 001 |
0000002629 |
| 005 |
20030828.0 |
| 020 |
0 |
0 |
|a 906832019X
|
| 090 |
0 |
0 |
|a 307.1412
|b VER 1987
|
| 100 |
1 |
0 |
|a VERHAGEN
|h Koenraad
|
| 245 |
1 |
0 |
|a Self-help promotion :
|b a challenge to the NGO community
|c Koenraad Verhagen
|
| 260 |
0 |
0 |
|a Oegstgeest, The Netherlands :
|b CEBEMO ; Amsterdam : Royal Tropical Institute ,
|c 1987
|
| 300 |
|
|
|a 152 p. :
|b ill., maps ;
|c 24 cm.
|
| 440 |
0 |
0 |
|a Studies in rural development
|
| 500 |
0 |
0 |
|a Includes bibliography: p. 149-151 and index
|
| 650 |
0 |
0 |
|a Cooperative societies
|z Brazil
|
| 650 |
0 |
0 |
|a Cooperative societies
|z Indonesia
|
| 650 |
0 |
0 |
|a Cooperative societies
|z Thailand
|
| 650 |
0 |
0 |
|a Rural development
|x International cooperation
|
| 998 |
|
|
|a JPSM
|
| 999 |
|
|
|a 0000004375
|b Monograph
|c Open Shelf
|e Default branch
|